| 000 | 00967nam a2200301Ia 4500 | ||
|---|---|---|---|
| 005 | 20241107100145.0 | ||
| 008 | 210716s2006 xx 000 0 und d | ||
| 020 | _a9788131702291 | ||
| 040 | _cAIMIT LIBRARY | ||
| 041 | _aeng | ||
| 082 |
_a005.73 _21 _bTENA |
||
| 100 |
_aTenenbaum, Aaron M. _945192 |
||
| 245 |
_aData structures using c / _cBy Aaron M. Tenenbaum, Yedidyah Langsam and Moshe J. Augenstein. |
||
| 250 | _a1st ed. | ||
| 260 |
_aNew Delhi : _bPearson Education , _c2006 . |
||
| 300 |
_a656p. ; _c24.5 cm. |
||
| 650 |
_aStorage management _945193 |
||
| 650 |
_aGraphs and their applications _945199 |
||
| 650 |
_aRecursion _9184419 |
||
| 650 |
_aQueues and lists _9184420 |
||
| 650 |
_aTrees _9184421 |
||
| 650 |
_aSorting _9184422 |
||
| 650 |
_aSearching _9184423 |
||
| 650 |
_aGraphs and their applications _9184424 |
||
| 700 |
_aLangsam, Yedidyah. _945200 |
||
| 700 |
_aAugenstein, Moshe J. _945201 |
||
| 942 |
_2ddc _cBK _e1st _k005.73 TENA |
||
| 999 |
_c187867 _d187867 |
||